[Event "Valle Region-ch U18"]
[Site "Ansermanuevo"]
[Date "2012.03.23"]
[Round "2.9"]
[White "Guapacha, Schneider"]
[Black "Ramirez, Carlos Andres"]
[Result "0-1"]
[WhiteElo "1600"]
[BlackElo "1527"]
[PlyCount "30"]
[EventDate "2012.03.23"]
[EventType "swiss"]
[EventRounds "7"]
[EventCountry "COL"]
[SourceTitle "EXT 2024"]
[Source "ChessBase"]
[SourceDate "2023.10.10"]
[SourceVersion "1"]
[SourceVersionDate "2023.10.10"]
[SourceQuality "1"]

1. e4 c5 2. Bc4 Nc6 3. Qf3 Nf6 4. Qb3 e6 5. Nf3 Be7 6. e5 Na5 7. Qb5 a6 8. Qa4 b5 9. Bxb5 axb5 10. Qxb5 Nd5 11. Qd3 0-0 12. 0-0 Ba6 13. Qa3 Bxf1 14. Kxf1 c4 15. Qa4 Qc7 0-1

[Event "Valle Region-ch U18"]
[Site "Ansermanuevo"]
[Date "2012.03.23"]
[Round "7.11"]
[White "Guapacha, Schneider"]
[Black "Tamayo, Jhonson David"]
[Result "0-1"]
[WhiteElo "1600"]
[BlackElo "1389"]
[PlyCount "46"]
[EventDate "2012.03.23"]
[EventType "swiss"]
[EventRounds "7"]
[EventCountry "COL"]
[SourceTitle "EXT 2024"]
[Source "ChessBase"]
[SourceDate "2023.10.10"]
[SourceVersion "1"]
[SourceVersionDate "2023.10.10"]
[SourceQuality "1"]

1. e4 e5 2. Nf3 Nc6 3. Bc4 Bc5 4. d3 d6 5. Ng5 Qf6 6. Rf1 Nh6 7. Nh3 0-0 8. Bg5 Qg6 9. c3 Bxh3 10. gxh3 Qxg5 11. Ke2 Qh5+ 12. Kd2 Qxh3 13. Rh1 Ng4 14. Qg1 Nxf2 15. Qf1 Qe3+ 16. Kc2 Nxh1 17. Qxh1 Qf2+ 18. Nd2 Be3 19. Qf1 Qxd2+ 20. Kb3 Na5+ 21. Ka4 Qxb2 22. Kxa5 Qa3+ 23. Kb5 a6# 0-1